[Event "Verbandsliga Suedbaden 2122"]
[Site "Baden"]
[Date "2022.06.26"]
[Round "6.5"]
[White "Gubela, Hans Erich Constant"]
[Black "Neuner, Johannes"]
[Result "1-0"]
[WhiteElo "1791"]
[BlackElo "2039"]
[PlyCount "63"]
[EventDate "2021.10.10"]
[EventType "team-tourn"]
[EventRounds "9"]
[EventCountry "GER"]
[SourceTitle "EXT 2023"]
[Source "ChessBase"]
[SourceDate "2022.10.05"]
[SourceVersion "1"]
[SourceVersionDate "2022.10.05"]
[SourceQuality "1"]
[WhiteTeam "Sasbach"]
[BlackTeam "Zaehringen"]
[WhiteTeamCountry "GER"]
[BlackTeamCountry "GER"]

1. b3 d5 2. Bb2 Bf5 3. e3 e6 4. f4 Nf6 5. Nf3 Be7 6. Be2 0-0 7. 0-0 h6 8. Ne5 c5 9. Bf3 Nc6 10. d3 Bh7 11. Nd2 Rc8 12. Nxc6 bxc6 13. Qe2 Qb6 14. Kh1 c4 15. dxc4 Bxc2 16. Rac1 Bh7 17. e4 d4 18. e5 Nd7 19. Be4 Bxe4 20. Nxe4 c5 21. Rce1 Rb8 22. Bc1 a5 23. Qg4 a4 24. Rf3 axb3 25. Rg3 g6 26. axb3 Kg7 27. h4 h5 28. Qh3 Ra8 29. f5 exf5 30. Qxf5 Bxh4 31. Qf4 g5 32. Qxh4 1-0

[Event "Verbandsliga Suedbaden 2122"]
[Site "Baden"]
[Date "2021.11.21"]
[Round "3.7"]
[White "Gkegkas, Viktor"]
[Black "Gubela, Hans Erich Constant"]
[Result "0-1"]
[WhiteElo "1464"]
[BlackElo "1791"]
[PlyCount "92"]
[EventDate "2021.10.10"]
[EventType "team-tourn"]
[EventRounds "9"]
[EventCountry "GER"]
[SourceTitle "EXT 2023"]
[Source "ChessBase"]
[SourceDate "2022.10.05"]
[SourceVersion "1"]
[SourceVersionDate "2022.10.05"]
[SourceQuality "1"]
[WhiteTeam "Heitersheim"]
[BlackTeam "Sasbach"]
[WhiteTeamCountry "GER"]
[BlackTeamCountry "GER"]

1. e4 c5 2. Nf3 a6 3. d4 cxd4 4. Nxd4 Nf6 5. Nc3 e5 6. Nf3 Bb4 7. Bd3 d5 8. exd5 e4 9. Qe2 0-0 10. Bxe4 Re8 11. Bg5 Rxe4 12. Qxe4 Nxe4 13. Bxd8 Nxc3 14. 0-0 Nxd5 15. Rad1 Nc6 16. Bg5 Be6 17. a3 Ba5 18. Nd4 Nxd4 19. Rxd4 h6 20. Bd2 Bb6 21. Rd3 Rc8 22. Rc1 g5 23. h4 Nf4 24. Bxf4 gxf4 25. c3 Kh7 26. Rcd1 Rg8 27. R1d2 Bf5 28. Rd6 Bc7 29. Rf6 Be6 30. Kh1 Be5 31. Rxe6 fxe6 32. Re2 Bf6 33. Rxe6 Bxh4 34. Re4 Bxf2 35. Rxf4 Bg3 36. Rf3 h5 37. Kg1 h4 38. c4 Re8 39. Rf1 Re1 40. Rxe1 Bxe1 41. Kf1 Bd2 42. Ke2 Bc1 43. b4 Bxa3 44. b5 axb5 45. cxb5 Kg6 46. Kf3 Kf5 0-1

[Event "GER-chT U20"]
[Site "Borken"]
[Date "2016.12.29"]
[Round "6.6"]
[White "Gubela, Hans Erich Constant"]
[Black "Kretzschmar, Arnd"]
[Result "1/2-1/2"]
[WhiteElo "1782"]
[BlackElo "1859"]
[PlyCount "40"]
[EventDate "2016.12.27"]
[EventType "team-swiss"]
[EventRounds "7"]
[EventCountry "GER"]
[SourceTitle "EXT 2018"]
[Source "ChessBase"]
[SourceDate "2017.10.13"]
[SourceVersion "1"]
[SourceVersionDate "2017.10.13"]
[SourceQuality "1"]
[WhiteTeam "Sasbach"]
[BlackTeam "Halle USV"]
[WhiteTeamCountry "GER"]
[BlackTeamCountry "GER"]

1. b3 d5 2. Bb2 Bg4 3. Nf3 Nd7 4. h3 Bxf3 5. gxf3 e5 6. e3 Ngf6 7. Rg1 c6 8. d4 e4 9. Nd2 Qa5 10. a3 0-0-0 11. b4 Qc7 12. f4 Bd6 13. c4 Rde8 14. Qb3 Bxf4 15. exf4 e3 16. fxe3 Qxf4 17. 0-0-0 Rxe3 18. Qc2 Rhe8 19. Kb1 Ne4 20. cxd5 Kc7 1/2-1/2

[Event "GER-chT U20"]
[Site "Borken"]
[Date "2016.12.27"]
[Round "2.6"]
[White "Gubela, Hans Erich Constant"]
[Black "Rietschel, Tilo"]
[Result "1/2-1/2"]
[WhiteElo "1782"]
[BlackElo "1756"]
[PlyCount "141"]
[EventDate "2016.12.27"]
[EventType "team-swiss"]
[EventRounds "7"]
[EventCountry "GER"]
[SourceTitle "EXT 2018"]
[Source "ChessBase"]
[SourceDate "2017.10.13"]
[SourceVersion "1"]
[SourceVersionDate "2017.10.13"]
[SourceQuality "1"]
[WhiteTeam "Sasbach"]
[BlackTeam "Luebeck"]
[WhiteTeamCountry "GER"]
[BlackTeamCountry "GER"]

1. e3 d5 2. b3 Nf6 3. Bb2 Nbd7 4. Nf3 e6 5. Be2 Bd6 6. 0-0 0-0 7. c4 c6 8. d4 Re8 9. Nbd2 b6 10. Ne5 Bb7 11. Rc1 Rc8 12. Bh5 Nxh5 13. Qxh5 Qe7 14. Ndf3 f6 15. Nxd7 Qxd7 16. Qg4 Qe7 17. e4 dxe4 18. Qxe4 c5 19. Qg4 Rcd8 20. Rfe1 Qf7 21. Rcd1 h5 22. Qh3 g5 23. dxc5 bxc5 24. Nd2 Bf4 25. Nf1 g4 26. Qc3 Bg5 27. Qa5 Rc8 28. Ng3 f5 29. Qc3 Kh7 30. Nxh5 Re7 31. Qg7+ Qxg7 32. Nxg7 Be4 33. Nxe6 Bh6 34. Rd6 Rce8 35. Nxc5 Bc6 36. Rxe7+ Rxe7 37. Re6 Rc7 38. Na6 Rd7 39. Re1 Rd2 40. Nb4 Rxb2 41. Nxc6 Rxa2 42. h4 Rb2 43. b4 a6 44. Ra1 Bd2 45. Rxa6 Bxb4 46. Nxb4 Rxb4 47. c5 Rc4 48. Rc6 Rc2 49. Rc8 Kg7 50. c6 Kf7 51. c7 Kg7 52. Kh2 f4 53. Kg1 Rc1+ 54. Kh2 Rc2 55. h5 Rc5 56. h6+ Kh7 57. Rf8 g3+ 58. fxg3 fxg3+ 59. Kxg3 Rxc7 60. Rf6 Rc4 61. Kh3 Rb4 62. g4 Ra4 63. Re6 Ra3+ 64. Kh4 Ra5 65. g5 Ra1 66. Kg4 Rg1+ 67. Kf5 Rf1+ 68. Ke5 Re1+ 69. Kf6 Rf1+ 70. Ke7 Rf5 71. g6+ 1/2-1/2

[Event "GER-chT U16"]
[Site "Naumburg"]
[Date "2012.12.30"]
[Round "7"]
[White "Gubela, Hans Erich Constant"]
[Black "Kremer, Moritz"]
[Result "1-0"]
[WhiteElo "1846"]
[BlackElo "1725"]
[PlyCount "105"]
[EventDate "2012.12.27"]
[EventType "team-swiss"]
[EventRounds "7"]
[EventCountry "GER"]
[SourceTitle "EXT 2014"]
[Source "ChessBase"]
[SourceDate "2013.11.20"]
[SourceVersion "1"]
[SourceVersionDate "2013.11.20"]
[SourceQuality "1"]
[WhiteTeam "Sasbach"]
[BlackTeam "Muelheim Nord"]
[WhiteTeamCountry "GER"]
[BlackTeamCountry "GER"]

1. a3 d5 2. c4 c6 3. e3 Nf6 4. Nf3 g6 5. b3 Bg7 6. Bb2 0-0 7. Be2 Nbd7 8. 0-0 b6 9. d3 Bb7 10. Nbd2 c5 11. Rc1 Rc8 12. Qc2 Qc7 13. Qb1 Qb8 14. d4 dxc4 15. Nxc4 Rfd8 16. Rfd1 h5 17. h3 Qa8 18. dxc5 Nxc5 19. b4 Ncd7 20. Nce5 Nxe5 21. Bxe5 Nd5 22. Bxg7 Kxg7 23. Qb2+ Kg8 24. Qe5 Rxc1 25. Rxc1 Rc8 26. Qb2 Rxc1+ 27. Qxc1 Qb8 28. Nd4 a6 29. Bf3 Nf6 30. Bxb7 Qxb7 31. Qc6 Qxc6 32. Nxc6 Kf8 33. Nb8 a5 34. bxa5 bxa5 35. Nc6 a4 36. Ne5 Ke8 37. Nc4 Nd7 38. Kf1 Kd8 39. Ke2 Kc7 40. Nb2 Ne5 41. f4 Nd7 42. Nxa4 Kc6 43. e4 Kb5 44. Nb2 f6 45. Ke3 Kc5 46. Kd3 Nb6 47. Kc3 h4 48. Nd3+ Kb5 49. Ne1 f5 50. Kd4 Kc6 51. Nf3 fxe4 52. Kxe4 Nc4 53. Ne5+ 1-0

[Event "GER-chT U16"]
[Site "Naumburg"]
[Date "2012.12.27"]
[Round "2"]
[White "Gubela, Hans Erich Constant"]
[Black "Wildermuth, Tim"]
[Result "1-0"]
[WhiteElo "1846"]
[BlackElo "1601"]
[PlyCount "39"]
[EventDate "2012.12.27"]
[EventType "team-swiss"]
[EventRounds "7"]
[EventCountry "GER"]
[SourceTitle "EXT 2014"]
[Source "ChessBase"]
[SourceDate "2013.11.20"]
[SourceVersion "1"]
[SourceVersionDate "2013.11.20"]
[SourceQuality "1"]
[WhiteTeam "Sasbach"]
[BlackTeam "Leipzig Schachgemeinschaft"]
[WhiteTeamCountry "GER"]
[BlackTeamCountry "GER"]

1. b3 e5 2. Bb2 Nc6 3. e3 a6 4. Be2 Bc5 5. Nf3 d6 6. 0-0 Bf5 7. d4 exd4 8. exd4 Qf6 9. Nc3 Bb6 10. Nd5 Qh6 11. Nxb6 cxb6 12. Re1 Nce7 13. d5 Nf6 14. Bd3 Bxd3 15. Qxd3 Rc8 16. Nd4 Ng4 17. Rxe7+ Kd8 18. Qg3 Qxh2+ 19. Qxh2 Nxh2 20. Re4 1-0

[Event "GER-ch U25 op-A"]
[Site "Oberhof"]
[Date "2012.06.01"]
[Round "8"]
[White "Theurich, Joel"]
[Black "Gubela, Hans Erich Constant"]
[Result "1/2-1/2"]
[WhiteElo "1724"]
[BlackElo "1807"]
[PlyCount "50"]
[EventDate "2012.05.27"]
[EventType "swiss"]
[EventRounds "9"]
[EventCountry "GER"]
[SourceTitle "CBM 148 Extra"]
[Source "ChessBase"]
[SourceDate "2012.06.22"]
[SourceVersion "1"]
[SourceVersionDate "2012.06.22"]
[SourceQuality "1"]

1. e4 e5 2. Nf3 Nc6 3. Bc4 Bc5 4. d3 Nf6 5. c3 a6 6. Nbd2 d6 7. Bb3 0-0 8. Nf1 h6 9. h3 Be6 10. Ng3 Bb6 11. 0-0 d5 12. Re1 dxe4 13. dxe4 Qxd1 14. Rxd1 Bxb3 15. axb3 Rad8 16. Rxd8 Rxd8 17. Kf1 Nd7 18. b4 Nf6 19. Ke2 Kf8 20. Be3 Bxe3 21. Kxe3 g6 22. Nd2 Ke7 23. Nb3 Nd7 24. Rd1 Ke6 25. Ne2 f5 1/2-1/2

[Event "GER-ch U14"]
[Site "Willingen"]
[Date "2009.06.01"]
[Round "3"]
[White "Moehn, Hans"]
[Black "Gubela, Hans Erich Constant"]
[Result "1-0"]
[WhiteElo "1953"]
[BlackElo "1736"]
[PlyCount "42"]
[EventDate "2009.05.30"]
[EventType "swiss"]
[EventRounds "9"]
[EventCountry "GER"]
[SourceTitle "EXT 2010"]
[Source "ChessBase"]
[SourceDate "2010.11.25"]
[SourceVersion "1"]
[SourceVersionDate "2010.11.25"]
[SourceQuality "1"]

1. e4 c5 2. Nf3 a6 3. Nc3 d6 4. d4 cxd4 5. Nxd4 Nf6 6. Be3 Ng4 7. Bg5 h6 8. Bh4 b6 9. Be2 Nf6 10. Bxf6 gxf6 11. Bh5 Bb7 12. 0-0 Nd7 13. Ne6 Qc8 14. Nd5 Bxd5 15. Qxd5 Rh7 16. Qxa8 Qxa8 17. Nc7+ Kd8 18. Nxa8 Kc8 19. Bf3 e5 20. Bg4 Kb8 21. Bxd7 Kxa8 1-0

[Event "Baden-ch U14"]
[Site "Schoeneck"]
[Date "2009.01.04"]
[Round "6"]
[White "Dehm, Tobias"]
[Black "Gubela, Hans Erich Constant"]
[Result "0-1"]
[WhiteElo "1423"]
[BlackElo "1687"]
[PlyCount "58"]
[EventDate "2009.01.02"]
[EventType "swiss"]
[EventRounds "7"]
[EventCountry "GER"]
[SourceTitle "EXT 2010"]
[Source "ChessBase"]
[SourceDate "2010.11.25"]
[SourceVersion "1"]
[SourceVersionDate "2010.11.25"]
[SourceQuality "1"]

1. e4 c5 2. d4 cxd4 3. c3 dxc3 4. Nxc3 g6 5. Bf4 Qa5 6. Qd4 Nf6 7. b4 Qd8 8. Nb5 Nc6 9. Qb2 d6 10. Bc4 e5 11. Bg5 Be7 12. Qb3 Be6 13. Bxe6 fxe6 14. Bxf6 Bxf6 15. Qxe6+ Be7 16. Rd1 Nd4 17. Nxd4 exd4 18. Rxd4 Qb6 19. Qc4 a5 20. b5 Kd8 21. Qd3 Rc8 22. e5 Kc7 23. exd6+ Bxd6 24. Ne2 Bb4+ 25. Kd1 Rhd8 26. Qg3+ Bd6 27. Rc4+ Kb8 28. Rxc8+ Rxc8 29. Qg5 Rc5 0-1

[Event "GER-ch U12"]
[Site "Willingen"]
[Date "2008.05.16"]
[Round "10"]
[White "Toews, Manuel"]
[Black "Gubela, Hans Erich Constant"]
[Result "1-0"]
[WhiteElo "1617"]
[BlackElo "1460"]
[PlyCount "111"]
[EventDate "2008.05.11"]
[EventType "swiss"]
[EventRounds "11"]
[EventCountry "GER"]
[SourceTitle "CBM 124 Extra"]
[Source "ChessBase"]
[SourceDate "2008.07.03"]
[SourceVersion "1"]
[SourceVersionDate "2008.07.03"]
[SourceQuality "1"]

1. d4 d5 2. c4 e6 3. Nc3 Nf6 4. Nf3 c5 5. e3 cxd4 6. exd4 dxc4 7. Bxc4 Bb4 8. 0-0 0-0 9. Bg5 Nbd7 10. Ne4 Be7 11. Nxf6+ Bxf6 12. Bxf6 Nxf6 13. Ne5 b6 14. Ng4 Nxg4 15. Qxg4 e5 16. Qe4 Qxd4 17. Qxa8 Be6 18. Qxa7 Bxc4 19. Rfd1 Qxb2 20. Rdb1 Qd4 21. Qxb6 Qg4 22. Qb4 Qe6 23. a4 Bd5 24. Qc3 Rc8 25. Qe3 h6 26. a5 Ra8 27. Rb6 Qg4 28. Qg3 Qd4 29. Rbb1 Qe4 30. h3 Kh7 31. Rd1 Bb7 32. Qd3 g6 33. Qxe4 Bxe4 34. Re1 f5 35. f3 Bb7 36. Rxe5 Ba6 37. Rc1 Kg7 38. Rc6 Bd3 39. Rd5 Bb1 40. Rd7+ Kf8 41. Rcc7 g5 42. Rh7 Kg8 43. Rcg7+ Kf8 44. Rh8+ Kxg7 45. Rxa8 Ba2 46. a6 Bd5 47. Rb8 Kf6 48. a7 Ke5 49. Rb5 Kd6 50. Rxd5+ Kxd5 51. a8Q+ Ke5 52. Qc6 h5 53. Qg6 g4 54. hxg4 hxg4 55. fxg4 f4 56. Kf2 1-0

[Event "GER-ch U12"]
[Site "Willingen"]
[Date "2008.05.15"]
[Round "8"]
[White "Grosse, Christian"]
[Black "Gubela, Hans Erich Constant"]
[Result "0-1"]
[WhiteElo "1885"]
[BlackElo "1460"]
[PlyCount "79"]
[EventDate "2008.05.11"]
[EventType "swiss"]
[EventRounds "11"]
[EventCountry "GER"]
[SourceTitle "CBM 124 Extra"]
[Source "ChessBase"]
[SourceDate "2008.07.03"]
[SourceVersion "1"]
[SourceVersionDate "2008.07.03"]
[SourceQuality "1"]

1. e4 c5 2. Nf3 a6 3. Nc3 d6 4. d4 cxd4 5. Nxd4 Nf6 6. Bd3 e6 7. a4 b6 8. 0-0 Bb7 9. Nb3 Nbd7 10. f4 Qc7 11. Qe2 Be7 12. Bd2 0-0 13. Rae1 Rfd8 14. e5 Nd5 15. Nd1 Nc5 16. Nxc5 dxc5 17. Nf2 Qd7 18. b3 Bc6 19. Rd1 b5 20. Ba5 Rdc8 21. Bd2 Qb7 22. f5 g6 23. Qg4 exf5 24. Bxf5 Rd8 25. Be4 Nc7 26. Bxc6 Qxc6 27. Ne4 Qe6 28. Qf3 Nd5 29. Rde1 Qb6 30. Qxf7+ Kh8 31. Bh6 Bf8 32. Ng5 Qc7 33. Qxc7 Nxc7 34. Nf7+ Kg8 35. Nxd8 Bxh6 36. Nb7 Bd2 37. Rd1 Bc3 38. Rd8+ Rxd8 39. Nxd8 Bxe5 40. Nc6 0-1

[Event "GER-ch U12"]
[Site "Willingen"]
[Date "2008.05.13"]
[Round "5"]
[White "Gubela, Hans Erich Constant"]
[Black "Rahimi, Anita"]
[Result "1-0"]
[WhiteElo "1460"]
[BlackElo "1172"]
[PlyCount "103"]
[EventDate "2008.05.11"]
[EventType "swiss"]
[EventRounds "11"]
[EventCountry "GER"]
[SourceTitle "CBM 124 Extra"]
[Source "ChessBase"]
[SourceDate "2008.07.03"]
[SourceVersion "1"]
[SourceVersionDate "2008.07.03"]
[SourceQuality "1"]

1. e4 c5 2. c4 e5 3. Nc3 Nf6 4. g3 Nc6 5. Bg2 d6 6. Nge2 Be6 7. d3 Be7 8. f4 Bg4 9. 0-0 Nd4 10. Qa4+ Bd7 11. Qd1 Rc8 12. Nxd4 cxd4 13. Nd5 Nxd5 14. exd5 0-0 15. Re1 Bf6 16. Bd2 Re8 17. fxe5 dxe5 18. Qf3 b5 19. b3 a6 20. Bb4 Be7 21. Bd2 Bg5 22. Bb4 Qf6 23. Rac1 Bxc1 24. Rxc1 Qxf3 25. Bxf3 bxc4 26. bxc4 Bb5 27. Bg4 Rc7 28. Bd6 Rb7 29. cxb5 axb5 30. Kf2 g6 31. Re1 f6 32. a3 Rd8 33. Bb4 Kg7 34. h4 Rc7 35. Bf3 Rc2+ 36. Re2 Rxe2+ 37. Kxe2 f5 38. Be7 Re8 39. d6 Rxe7 40. dxe7 Kf7 41. e8Q+ Kxe8 42. Bc6+ Kd8 43. Bxb5 Kc7 44. Bc4 Kb6 45. Bg8 h6 46. Bh7 f4 47. gxf4 exf4 48. Bxg6 Kb5 49. Be8+ Ka5 50. Kf3 Kb6 51. Kxf4 Kc5 52. Ke5 1-0

[Event "Baden-ch U12"]
[Site "Neuenbuerg/Enz"]
[Date "2008.01.04"]
[Round "2"]
[White "Gubela, Hans Erich Constant"]
[Black "Hagg, Fabian"]
[Result "1-0"]
[WhiteElo "1603"]
[BlackElo "1078"]
[PlyCount "69"]
[EventDate "2008.01.04"]
[EventType "swiss"]
[EventRounds "7"]
[EventCountry "GER"]
[SourceTitle "EXT 2009"]
[Source "ChessBase"]
[SourceDate "2008.11.26"]
[SourceVersion "1"]
[SourceVersionDate "2008.11.26"]
[SourceQuality "1"]

1. d4 d5 2. c4 e6 3. Nc3 Nf6 4. Nf3 Bb4 5. e3 Bd7 6. Bd2 c6 7. Qc2 a6 8. Be2 0-0 9. 0-0 b5 10. cxb5 cxb5 11. a3 Bd6 12. Rac1 Nc6 13. Bd3 e5 14. dxe5 Nxe5 15. Nxe5 Bxe5 16. e4 d4 17. Ne2 Ng4 18. h3 Qh4 19. hxg4 Bxg4 20. Bf4 Bxf4 21. Nxf4 Qg5 22. Ne2 h5 23. Rcd1 h4 24. Qd2 Qg6 25. Nf4 Qg5 26. Nd5 Qh5 27. f3 h3 28. fxg4 h2+ 29. Kh1 Qh4 30. Qf4 g5 31. Qxh2 Qxg4 32. Nf6+ Kg7 33. Nxg4 Rfd8 34. Qh6+ Kg8 35. Nf6# 1-0

[Event "GER-ch U12"]
[Site "Willingen"]
[Date "2007.06.01"]
[Round "9"]
[White "Gerntke, Oliver"]
[Black "Gubela, Hans Erich Constant"]
[Result "1-0"]
[WhiteElo "1747"]
[BlackElo "1448"]
[PlyCount "161"]
[EventDate "2007.05.26"]
[EventType "swiss"]
[EventRounds "11"]
[EventCountry "GER"]
[SourceTitle "CBM 118 Extra"]
[Source "ChessBase"]
[SourceDate "2007.07.04"]
[SourceVersion "1"]
[SourceVersionDate "2007.07.04"]
[SourceQuality "1"]

1. d4 d5 2. c4 e6 3. Nc3 Nf6 4. cxd5 exd5 5. Bg5 Be7 6. e3 0-0 7. Bd3 Be6 8. Qc2 Nbd7 9. Nf3 c6 10. 0-0 Qc7 11. Bf4 Bd6 12. Bxd6 Qxd6 13. Rab1 Rfe8 14. b4 a6 15. a4 b5 16. a5 Bg4 17. Be2 Bh5 18. h3 Bg6 19. Bd3 Ne4 20. Nd2 Nxd2 21. Qxd2 Bxd3 22. Qxd3 Nf6 23. Rfc1 Rac8 24. Rc2 Re7 25. Ne2 Ne8 26. Nf4 Qd7 27. Rbc1 Nd6 28. Qc3 Nc4 29. Nd3 Ra8 30. Nc5 Qc7 31. Qd3 g6 32. Re2 f5 33. Rce1 Nd6 34. Qc3 Ne4 35. Nxe4 fxe4 36. Rc2 Rc8 37. Rec1 Re6 38. Qc5 Qb7 39. Qb6 Qa8 40. Qc5 Qb7 41. Qxd5 cxd5 42. Rxc8+ Qxc8 43. Rxc8+ Kf7 44. Rc7+ Re7 45. Rxe7+ Kxe7 46. Kh2 Kf6 47. Kg3 Kg5 48. f3 Kf5 49. Kf2 exf3 50. gxf3 h5 51. Kg3 g5 52. h4 g4 53. fxg4+ hxg4 54. h5 Kg5 55. h6 Kxh6 56. Kxg4 Kg6 57. Kf4 Kf6 58. e4 dxe4 59. Kxe4 Ke6 60. d5+ Kd6 61. Kd4 Kd7 62. Kc5 Kc7 63. d6+ Kd7 64. Kd5 Kd8 65. Kc6 Kc8 66. d7+ Kd8 67. Kb6 Kxd7 68. Kxa6 Kc6 69. Ka7 Kc7 70. a6 Kc8 71. Kb6 Kb8 72. Kxb5 Ka7 73. Ka5 Ka8 74. b5 Ka7 75. b6+ Ka8 76. a7 Kb7 77. a8Q+ Kxa8 78. Ka6 Kb8 79. b7 Kc7 80. Ka7 Kc6 81. b8Q 1-0